000 00697nam a22002057a 4500
999 _c166201
_d166201
005 20190716155231.0
010 _aENG-125954
020 _a9789353436551
_c799.00
035 _aEN-109486
037 _bDBAD/PUB
082 _a620.136
100 _aNeville. A.M.
245 _aConcrete technology /
_cby A.M. Neville [and] J.J. Brooks
250 _aSecond edition
260 _aNoida
_bPearson India Education
_c2019
270 _a15th Floor, Tower-B, World Trade Tower, Plot No.I, Block-C, Sector 16
_bNoida, Uttar Pradesh
_e201301
_mcompanysecretary.india@pearson.com
300 _axviii,442p.
_c23cm(pbk)
500 _aIncludes index
942 _2ddc
_cEN
_h620.136
_mNEV